000 02181nam0a2200337 4500
001 RU\NLR\BIBL_A\022645703
005 20251130044708.0
010 _a978-5-9929-1767-3
_9300
035 _a(NLR Aleph) 022645703
090 _a13470238
_c13470238
100 _a20251016d2025 k y0rusy50 ca
101 0 _arus
102 _aRU
105 _ay j 000yy
181 0 _ai4
_baxxe
182 0 _an
200 1 _aIntroduction to the political system of the United States of America
_eучебное пособие
_eдля студентов, обучающихся по направлениям 44.03.05 "Педагогическое образование" и 45.03.02 "Лингвистика", изучающим дисциплину "История и география стран изучаемого языка"
_fА. П. Александрова
_gМинистерство науки и высшего образования Российской Федерации, Федеральное государственное бюджетное образовательное учреждение высшего образования "Орловский государственный университет имени И. С. Тургенева"
203 _aТекст
_bвизуальный
_cнепосредственный
210 _aОрел
_cОГУ им. И.С. Тургенева
_d2025
215 _a163 с.
_d21
320 _aБиблиогр.: с. 162-163 (31 назв.)
541 1 _aВведение в политическую систему США
606 1 _aАнглийский язык
_xУчебные издания для политологов
_92399082
_3RU\NLR\AUTH\661430195
606 1 _aАнглийский язык
_jУчебные издания для высших учебных заведений
_9972309
_3RU\NLR\AUTH\6646032
686 1 _aШ143.21-93рус329.2
686 1 _aШ143.21-93рус3
_bД890(7США)
700 1 _7ba
_8rus
_aAleksandrova
_bA. P.
_cканд. филол. наук
_gAnželika Parujrovna
_9219011
_3RU\NLR\AUTH\770219067
942 _cBOOK
980 _aNB